Relacion del último viage al estrecho de Magallanes de la Fragata de S.M. Santa María de la Cabeza en los años de 1785 y 1786 (Record no. 163232)

MARC details
000 -LEADER
campo de control de longitud fija 02106nam a2200325 i 4500
001 - NÚMERO DE CONTROL
campo de control 163232
003 - IDENTIFICADOR DE NÚMERO DE CONTROL
campo de control ES-MaACL
005 - FECHA Y HORA DE LA ÚLTIMA TRANSACCIÓN
campo de control 20251002162148.0
008 - DATOS DE LONGITUD FIJA--INFORMACIÓN GENERAL
campo de control de longitud fija 960307s1788 sp abc |||| | spa d
040 ## - FUENTE DE CATALOGACIÓN
Centro catalogador/agencia de origen EUS
Lengua de catalogación spa
Centro/agencia transcriptor EUS
245 00 - MENCIÓN DEL TÍTULO
Título Relacion del último viage al estrecho de Magallanes de la Fragata de S.M. Santa María de la Cabeza en los años de 1785 y 1786
Resto del título : extracto de todos los anteriores ... y noticia de los habitantes, suelo, clima y producciones del estrecho.
260 ## - PUBLICACIÓN, DISTRIBUCIÓN, ETC.
Lugar de publicación, distribución, etc. Madrid :
Nombre del editor, distribuidor, etc. por la Viuda de Ibarra, Hijos y Compañía,
Fecha de publicación, distribución, etc. 1788.
300 ## - DESCRIPCIÓN FÍSICA
Extensión [6], XVI, 359 p., [4] h. pleg., [1] h. de grab., [4] h. de map. pleg. ;
Dimensiones 4º (24 cm)
530 ## - NOTA DISPONIBLE DE FORMULARIO FÍSICO ADICIONAL
Nota de formato físico adicional disponible Disponible en formato digital.
594 ## - Nota al título y mención de responsabilidad
Nota al título y mención de responsabilidad Aguilar Piñal, VIII, 2443, hace responsable de esta obra a José de Vargas Ponce. Pero, Sempere y Guarinos en "Ensayo de una biblioteca española de los mejores escritores del Reinado de Carlos III", VI, p. 237, dice que José de Vargas fue encargado de "cuidar de la edición, y la enriqueció con muchas noticias y observaciones ... Suyas son la introducción, y toda la segunda parte, que contiene la historia de las expediciones y Viages, hechas antes de éste al Estrecho Magallanico ..."
596 ## - NOTA AL PIE DE IMPRENTA
NOTA AL PIE DE IMPRENTA Marca tip. en port.
597 ## - NOTA DE DESCRIPCIÓN FÍSICA
NOTA DE DESCRIPCIÓN FÍSICA Sign.: [ ]², a8, b¹, A-X8, Y¹°.
597 ## - NOTA DE DESCRIPCIÓN FÍSICA
NOTA DE DESCRIPCIÓN FÍSICA Las [4] h. pleg. son tablas con datos metereológicos del viaje.
599 ## - NOTA A LAS ILUSTRACIONES
NOTA A LAS ILUSTRACIONES La h. de grab. calc.: "Ferdin. Selma delin. et incid. anno 1788", es el retrato de Magallanes.
599 ## - NOTA A LAS ILUSTRACIONES
NOTA A LAS ILUSTRACIONES Los map. pleg. son grab. calc.: "grabada por Bart. Vazquez", "Pró lo grabó"
651 #4 - PUNTO DE ACCESO ADICIONAL DE MATERIA--NOMBRE GEOGRÁFICO
Nombre geográfico Magallanes (Estrecho)-
Subdivisión general Descubrimientos y exploraciones.
9 (RLIN) 136066
700 1# - ENTRADA AGREGADA--NOMBRE PERSONAL
Nombre de persona Vargas Ponce, José.
9 (RLIN) 113210
700 1# - ENTRADA AGREGADA--NOMBRE PERSONAL
Nombre de persona Vázquez, Bartolomé,
Fechas asociadas al nombre 1749-1802
9 (RLIN) 113350
700 1# - ENTRADA AGREGADA--NOMBRE PERSONAL
Nombre de persona Pro, Joaquín (
Fechas asociadas al nombre fl. 1781-1790)
9 (RLIN) 155129
700 1# - ENTRADA AGREGADA--NOMBRE PERSONAL
Nombre de persona Selma, Fernando,
Fechas asociadas al nombre 1752-1810
9 (RLIN) 157690
700 2# - ENTRADA AGREGADA--NOMBRE PERSONAL
Nombre de persona
9 (RLIN) 242295
852 4# - LOCALIZACIÓN
Ubicación ES-MaACL
Número de control de estantería R-187(1)
Nota libre - Enc. hol.
Encuadernación Olim: C-1847
856 ## - LOCALIZACIÓN Y ACCESO ELECTRÓNICOS
Identificador Uniforme de Recursos <a href="http://bdh-rd.bne.es/viewer.vm?id=0000081228&page=1 ">http://bdh-rd.bne.es/viewer.vm?id=0000081228&page=1 </a>
Nota pública Biblioteca Digital Hispánica
Holdings
Estatus retirado Estado de pérdida Estado de daño No para préstamo Colección Biblioteca de origen Biblioteca actual Ubicación en estantería Fecha de adquisición Fuente de adquisición Total de préstamos Signatura topográfica completa Código de barras Visto por última vez Precio de reemplazo Tipo de ítem Koha
        Colección digital Biblioteca del Ateneo de Madrid Biblioteca del Ateneo de Madrid Depósito 17/01/2008     R-187 (1) 1171050 23/02/2023 23/02/2023 Libro impreso antiguo